Online Catalogue and eLibrary

Celebrating Sri Lanka women's english Writing : (Record no. 3318)

MARC details
000 -LEADER
fixed length control field 00494nam a2200181Ia 4500
005 - DATE AND TIME OF LATEST TRANSACTION
control field 20241220065544.0
008 - FIXED-LENGTH DATA ELEMENTS--GENERAL INFORMATION
fixed length control field 240331s9999 xx 000 0 und d
020 ## - INTERNATIONAL STANDARD BOOK NUMBER
ISBN 95592612203
082 ## - DDC Classification
Item Number - Author Mark GOO
Class No. 823
100 ## - MAIN ENTRY--PERSONAL NAME
Personal name Gooneratne, Y
245 #0 - TITLE STATEMENT
Title Celebrating Sri Lanka women's english Writing :
Remainder of title 1948-2000- Volume II
260 ## - PUBLICATION, DISTRIBUTION, ETC.
Place of publication, distribution, etc. Colombo
Name of publisher, distributor, etc. Women's Education & Research Centre
Date of publication, distribution, etc. 2002
300 ## - PHYSICAL DESCRIPTION
Extent (e.g. Volumes, Pages etc.) viii, 450 p .,
650 ## - SUBJECT ADDED ENTRY--TOPICAL TERM
Topical term or geographic name entry element Poetry
650 ## - SUBJECT ADDED ENTRY--TOPICAL TERM
Topical term or geographic name entry element English
650 ## - SUBJECT ADDED ENTRY--TOPICAL TERM
Topical term or geographic name entry element Literature
942 ## - Koha item type (Biblio)
Koha item type Books in Stacks (Lending)
Holdings
Lost status Damaged status Collection code Home library Current library Shelving location Date acquired Full call number Accession Number Item type
    Lending WERC Library WERC Library Social Science Cupboard 03/31/2024 823 GOO 4692 Books in Stacks (Lending)

© WERC Library